| 000 | 00766nam a2200253 i 4500 | ||
|---|---|---|---|
| 001 | 000044823 | ||
| 003 | DO-SdBNP | ||
| 005 | 20240724140315.0 | ||
| 007 | ta | ||
| 008 | 150113s2014 dr 000 0 spa d | ||
| 020 | _a9789993449935 | ||
| 040 |
_aDO-SdBNP _bspa _cBNPHU _erda |
||
| 082 | 4 | _222 | |
| 100 | 1 |
_aBeato, Martha, _972845 _eautora |
|
| 245 | 1 | 0 |
_aQuerida Martha / _cMartha Beato |
| 246 | 1 | 2 |
_aQuerida Martha: _bla respuesta está en tu interior |
| 264 |
_aSanto Domingo : _bGente, _c2014. |
||
| 300 |
_a383 páginas ; _c23 cm. |
||
| 336 |
_2rdacontent _atexto _btxt |
||
| 337 |
_2rdamedia _asin mediación _bn |
||
| 338 |
_2rdacarrier _avolumen _bnc |
||
| 500 | _aIncluye datos biografícos de la autora en la solapa de la cubierta. | ||
| 942 |
_2ddc _cLBS1 |
||
| 999 |
_c44312 _d44312 |
||